Statistiques concernant Les films sur la marine et les marins

Cliquez ici pour prendre le quiz!

Statistiques générales

  • Ce quiz a été pris 58 fois
  • Le résultat moyen est 11 sur 28

Statistiques - réponses

Titre du filmMot% Correct
Les 8 du Bountyrévoltés
84%
L'île au 6trésor
79%
A la 9 d'Octobre rougepoursuite
77%
Le marin des 4 de Chinemers
67%
Des 6 d'honneurhommes
63%
A 5 égalesarmes
60%
Le 5 tambourcrabe
54%
En pleine 7tempête
54%
Nimitz, 6 vers l'enferretour
53%
5 en haute merpiège
51%
La 8 de Midwaybataille
49%
9 Achabcapitaine
47%
La 10 du Yang-Tsecanonnière
46%
6 and CommanderMaster
42%
Duel dans le 9Pacifique
42%
Pêcheur d' 7Islande
37%
USS 7Alabama
30%
5 Guardscoast
28%
7 sur le Caineouragan
26%
La 4 de Shanghaïdame
25%
Le 8 du Laconianaufrage
21%
Coulez le 8Bismarck
18%
K 19 le piège des 11profondeurs
18%
Les 7 de la dignitéchemins
16%
La 6 des sept pêchésmaison
5%
Le 5 des merstigre
2%
Angèle et 4Tony
0%
5 de la marinetrois
0%

Distribution des résultats

Percentile par nombre de réponses

% des personnes avec chaque résultat

Votre développement - résultats

Vous n’avez pas pris ce quiz